Однореакторный метод получения фенантрогликолурила из фенантрена; Полифункциональные химические материалы и технологии

Détails bibliographiques
Parent link:Полифункциональные химические материалы и технологии.— 2004.— С. 69-70
Autres auteurs: Скарлыгин А. В., Яговкин А. Ю., Батурин Д. М., Бакибаев А. А. Абдигали Абдиманапович
Résumé:В фонде НТБ ТПУ отсутствует
Langue:russe
Publié: 2004
Sujets:
Format: MixedMaterials Chapitre de livre
KOHA link:https://koha.lib.tpu.ru/cgi-bin/koha/opac-detail.pl?biblionumber=596524

MARC

LEADER 00000naa0a2200000 4500
001 596524
005 20250407161134.0
035 |a (RuTPU)RU\TPU\tpu\19475 
035 |a RU\TPU\tpu\16463 
090 |a 596524 
100 |a 20110621d2004 k y0rusy50 ca 
101 0 |a rus 
102 |a RU 
200 1 |a Однореакторный метод получения фенантрогликолурила из фенантрена  |f А. В. Скарлыгин [и др.] 
333 |a В фонде НТБ ТПУ отсутствует 
463 |t Полифункциональные химические материалы и технологии  |o материалы Российской научно-практической конференции (21-22 окт. 2004 г. , Томск)  |v С. 69-70  |d 2004 
610 1 |a труды учёных ТПУ 
701 1 |a Скарлыгин  |b А. В. 
701 1 |a Яговкин  |b А. Ю. 
701 1 |a Батурин  |b Д. М. 
701 1 |a Бакибаев  |b А. А.  |c химик  |c профессор Томского политехнического университета, доктор химических наук  |f 1960-  |g Абдигали Абдиманапович  |3 (RuTPU)RU\TPU\pers\27073 
801 1 |a RU  |b 63413507  |c 20090820 
801 2 |a RU  |b 63413507  |c 20111221  |g RCR 
942 |c BK